| 000 | 00938nas a2200253 454500 | ||
|---|---|---|---|
| 001 | 4713 | ||
| 005 | 20260407193504.0 | ||
| 008 | 260407s1994####ag###########|||spa#d | ||
| 003 | AR-UNSa-BCEJYS | ||
| 040 |
_aAR-UNSa-BCEJYS _bspa _cAR-UNSa-BCEJYS |
||
| 080 |
_a331 _xTrabajo. Empleo. Organización del trabajo |
||
| 245 | 1 | 0 | _aRevista de trabajo |
| 022 | _a0328-0764 | ||
| 264 | 1 |
_aBuenos Aires : _bMinisterio de Trabajo y Seguridad Social _c1994 |
|
| 310 | _aPeriodicidad: Bimestral A partir del año 2005 se vuelve a editar la revista con el sub-título Nueva Epoca, cambia de Dir. por Marta Novick | ||
| 942 | _cSER | ||
| 590 | _aniveau_biblio:s niveau_hierar:1 | ||
| 100 | 1 | _aSantillán Cabeza, Sergio | |
| 650 | _aSeguridad social | ||
| 650 | _aTrabajo | ||
| 650 | _aEmpleo | ||
| 650 | _aDerecho laboral | ||
| 856 | 4 | 1 |
_uhttps://biblioeco.unsa.edu.ar/pmb/images/revistas/Temas de Seguridad Social.jpg _yImagen de portada _qimage/jpeg |
| 999 |
_c8409 _d8409 |
||